| 000 | 00899nam a2200229 a 4500 | ||
|---|---|---|---|
| 005 | 2009061502012.0 | ||
| 008 | 060724s2005 ii b 101 0 eng | ||
| 010 | _aENG-93992 | ||
| 020 |
_a9780070147942 _c250.00 |
||
| 020 |
_a0070147949 _c250.00 |
||
| 035 | _aEN-77525 | ||
| 037 | _bDBAD / PUB | ||
| 040 |
_adpl _bEnglish |
||
| 082 | _a658.834 | ||
| 100 | _aParameswaran, M.G. | ||
| 245 |
_aRide the change: _cby M.G. Parameswaran _ba perspective on the changing Indian consumer, market and marketing / |
||
| 260 |
_aNew Delhi _bTata McGraw-Hill Publishing _c2009 |
||
| 270 |
_a7 West Patel Nagar _bNew Delhi _e110008 |
||
| 300 |
_axvii, 192p. _c22cm(pbk) |
||
| 942 |
_2ddc _cEN _mPAR _h658.834 |
||
| 999 |
_c27453 _d27453 |
||